[Event "RUS Cup Qualifier"]
[Site "Internet"]
[Date "2004.12.24"]
[Round "?"]
[White "Rublevsky, Sergei"]
[Black "Belozerov, Andrei"]
[Result "0-1"]
[WhiteElo "2686"]
[BlackElo "2552"]
[PlyCount "118"]
[EventDate "2004.12.24"]
[EventType "swiss (rapid)"]
[EventRounds "13"]
[EventCountry "RUS"]
[Source "ChessBase"]
[SourceDate "2005.03.03"]

1. e4 c5 2. Nf3 Nf6 3. e5 Nd5 4. g3 Nc6 5. Bg2 e6 6. O-O Be7 7. c4 Ndb4 8. d3
d6 9. a3 Na6 10. exd6 Qxd6 11. Nc3 O-O 12. Bf4 Qd8 13. Qe2 Bd6 14. Be3 Bd7 15.
Ng5 h6 16. Nge4 Be7 17. Qh5 Nd4 18. Bxd4 cxd4 19. Ne2 Bc6 20. Nf4 Nc7 21. b4 a6
22. Rfe1 Rb8 23. Rac1 Qd7 24. Nc5 Bxc5 25. Qxc5 Bxg2 26. Kxg2 b6 27. Qe5 f6 28.
Qe4 e5 29. Ng6 Rfe8 30. Nh4 Re6 31. Nf5 Rbe8 32. Qg4 Kh7 33. Nh4 Rd6 34. Qg6+
Kh8 35. Nf5 Rde6 36. c5 b5 37. c6 Rxc6 38. Nxg7 Rxc1 39. Nxe8 Rxe1 40. Qxh6+
Qh7 41. Qf8+ Qg8 42. Qxf6+ Kh7 43. Nxc7 Qg6 44. Qe7+ Kh6 45. Ne6 Qf5 46. Qg7+
Kh5 47. Qh8+ Kg6 48. Qg8+ Kf6 49. Nd8 Qd7 50. Qe8 Qxe8 51. g4 Qxd8 52. h3 Ke6
53. Kg3 Qd5 54. Kh4 Rg1 55. Kg5 Qf3 56. Kg6 Qf6+ 57. Kh5 Qxf2 58. Kh6 Rh1 59.
Kg6 Rxh3 0-1

[Event "RUS Cup Qualifier"]
[Site "Internet"]
[Date "2004.12.24"]
[Round "?"]
[White "Vorobiov, Evgeny E"]
[Black "Belozerov, Andrei"]
[Result "1-0"]
[WhiteElo "2534"]
[BlackElo "2552"]
[PlyCount "99"]
[EventDate "2004.12.24"]
[EventType "swiss (rapid)"]
[EventRounds "13"]
[EventCountry "RUS"]
[Source "ChessBase"]
[SourceDate "2005.03.03"]

1. e4 c5 2. Nf3 Nf6 3. Nc3 d5 4. exd5 Nxd5 5. Bb5+ Bd7 6. Ne5 Nf6 7. Nxd7 Nbxd7
8. d4 e6 9. dxc5 Bxc5 10. O-O a6 11. Bd3 Qc7 12. Ne4 Nxe4 13. Bxe4 O-O-O 14.
Qe2 Nf6 15. Bf3 h5 16. Bg5 Bd6 17. h3 Bf4 18. Bxf4 Qxf4 19. Rad1 h4 20. Rxd8+
Rxd8 21. Rd1 Rxd1+ 22. Qxd1 Kc7 23. b3 e5 24. Qe2 e4 25. Qc4+ Kb8 26. Be2 g5
27. a4 Qc1+ 28. Kh2 Qf4+ 29. Kg1 Qc1+ 30. Bf1 e3 31. Qd3 exf2+ 32. Kxf2 Qf4+
33. Kg1 Qe5 34. Be2 Ne4 35. Bf3 Qc5+ 36. Kh2 Qc7+ 37. Kg1 Qc5+ 38. Kh2 Qd6+ 39.
Qxd6+ Nxd6 40. Kg1 a5 41. Kf2 Kc7 42. Ke3 Kd7 43. Kd4 Ke6 44. Kc5 f5 45. Kb6
Ke5 46. Kxa5 Ne4 47. Kb6 Nf2 48. a5 g4 49. Bxb7 Ne4 50. a6 1-0

[Event "Jinan Torch Cup"]
[Site "Jinan"]
[Date "2005.04.25"]
[Round "6"]
[White "Yu Shaoteng"]
[Black "Zhang Pengxiang"]
[Result "1/2-1/2"]
[WhiteElo "2506"]
[BlackElo "2583"]
[PlyCount "120"]
[EventDate "2005.04.20"]
[EventType "team"]
[EventRounds "9"]
[EventCountry "CHN"]
[Source "ChessBase"]
[SourceDate "2005.07.11"]

1. e4 c5 2. Nf3 Nf6 3. e5 Nd5 4. Nc3 Nxc3 5. dxc3 Nc6 6. Bf4 Qc7 7. Qd2 e6 8.
Bb5 h6 9. h4 b6 10. O-O-O Bb7 11. Bg3 O-O-O 12. Qe2 Nb8 13. Kb1 a6 14. Bd3 d5
15. exd6 Bxd6 16. Bxd6 Rxd6 17. Be4 Rhd8 18. Bxb7+ Kxb7 19. Rxd6 Rxd6 20. Ne5
Nc6 21. Qf3 f6 22. Nxc6 Qxc6 23. Qxc6+ Kxc6 24. Kc1 h5 25. Rh3 c4 26. Re3 e5
27. Re4 b5 28. b3 Kc5 29. f3 Rd5 30. g4 g6 31. gxh5 gxh5 32. Re2 Kd6 33. Re4
Rc5 34. Kd2 Ke6 35. a4 bxa4 36. bxa4 Rc8 37. Re1 Rg8 38. Rb1 Rg2+ 39. Ke3 Rxc2
40. Rb6+ Kf5 41. Rxa6 Rxc3+ 42. Kf2 Ra3 43. a5 e4 44. fxe4+ Kxe4 45. Rc6 Ra2+
46. Kg3 Kd5 47. Rxf6 c3 48. Rf8 c2 49. Rc8 Ke4 50. a6 Kd3 51. Rd8+ Ke2 52. Re8+
Kd2 53. Rd8+ Kc1 54. Rd6 Ra3+ 55. Kg2 Ra4 56. Kg3 Rg4+ 57. Kh3 Rg7 58. Rb6 Rd7
59. Rb7 Rd3+ 60. Kh2 Kd1 1/2-1/2

[Event "TCh-HUN 2007-8"]
[Site "Budapest HUN"]
[Date "2008.05.18"]
[Round "11"]
[White "Acs, P."]
[Black "Landa, K."]
[Result "0-1"]
[WhiteElo "2548"]
[BlackElo "2678"]
[PlyCount "94"]
[EventDate "2007.10.14"]
[SourceDate "1999.07.01"]

1. e4 c5 2. Nf3 Nf6 3. e5 Nd5 4. d4 cxd4 5. c3 e6 6. cxd4 d6 7. Bc4 Nb6 8. Bd3
dxe5 9. Nxe5 Nc6 10. Nxc6 bxc6 11. Be4 Qc7 12. O-O Ba6 13. Qc2 Rc8 14. Re1 g6
15. Nd2 Bg7 16. Nf3 O-O 17. b3 Rfd8 18. Ba3 f5 19. Ng5 fxe4 20. Rxe4 Rxd4 21.
Rxd4 Bxd4 22. Nxe6 Qe5 23. Nxd4 c5 24. Bb2 cxd4 25. Qd2 Qe4 26. Qxd4 Qxd4 27.
Bxd4 Be2 28. f3 Rc2 29. Kf2 Nc8 30. h4 a6 31. g4 Kf7 32. Ke3 Ne7 33. a4 Nc6 34.
Bh8 a5 35. Re1 Ba6 36. Kf4 Bc8 37. Kg5 h5 38. Re4 Rg2 39. Rf4+ Bf5 40. Rc4 Nd8
41. Bc3 hxg4 42. fxg4 Ne6+ 43. Kh6 Bd3 44. Rc8 Rxg4 45. Be1 Re4 46. Bg3 Re3 47.
Bf2 Re5 0-1

[Event "IX EICC"]
[Site "Plovdiv BUL"]
[Date "2008.05.01"]
[Round "10"]
[White "Iordachescu, V."]
[Black "Popov, Val"]
[Result "1/2-1/2"]
[WhiteElo "2584"]
[BlackElo "2525"]
[PlyCount "148"]
[EventDate "2008.04.21"]
[SourceDate "1999.07.01"]

1. e4 c5 2. Nf3 Nf6 3. Nc3 d6 4. d4 cxd4 5. Nxd4 Nc6 6. Bg5 Qb6 7. Nb3 e6 8. a4
Be7 9. a5 Qd8 10. Be2 O-O 11. O-O h6 12. Be3 Bd7 13. f4 e5 14. Kh1 Re8 15. Qe1
Nb4 16. Qg3 Kh8 17. fxe5 dxe5 18. Rad1 Qc7 19. Nd4 Qxa5 20. Nf5 Bxf5 21. Rxf5
Nxc2 22. Rxe5 Qxe5 23. Qxe5 Nxe3 24. Rd3 Bf8 25. Qb5 Neg4 26. Bxg4 Nxg4 27. Rd7
Nf2+ 28. Kg1 Nxe4 29. Nxe4 Rxe4 30. g3 f6 31. Rxb7 a6 32. Qb3 Ree8 33. Kg2 a5
34. Qb5 Re5 35. Qb6 Ree8 36. Qb5 a4 37. Ra7 Rac8 38. Rc7 Ra8 39. Ra7 Reb8 40.
Rb7 Rc8 41. Kh3 a3 42. bxa3 Bxa3 43. Qd5 Bf8 44. Rc7 Re8 45. Qc6 Rad8 46. Rd7
Rxd7 47. Qxd7 Re5 48. Qc8 Kg8 49. Qc4+ Kh7 50. Qc2+ g6 51. Qc7+ Re7 52. Qd8 Kg7
53. g4 Re3+ 54. Kg2 Be7 55. Qc7 Re5 56. Kf3 Kh7 57. h3 Kg8 58. Qc4+ Kg7 59. Qc7
Kf7 60. Qd7 Kg8 61. Qc8+ Bf8 62. Qc4+ Kg7 63. Qc7+ Re7 64. Qb6 Rf7 65. h4 h5
66. gxh5 gxh5 67. Qb5 Kg6 68. Qb1+ Kh6 69. Qc1+ Kh7 70. Qc2+ f5 71. Qc6 Be7 72.
Qe6 Kg7 73. Qe5+ Kg8 74. Qe6 Kg7 1/2-1/2

[Event "Open A"]
[Site "Moscow RUS"]
[Date "2009.02.04"]
[Round "5"]
[White "Savchenko, B."]
[Black "Rakhmanov, Ale"]
[Result "1-0"]
[WhiteElo "2654"]
[BlackElo "2541"]
[PlyCount "51"]
[EventDate "2009.01.31"]
[SourceDate "1999.07.01"]

1. e4 c5 2. Nf3 Nf6 3. e5 Nd5 4. Nc3 Nxc3 5. dxc3 Nc6 6. Bf4 Qb6 7. b3 e6 8. h4
h6 9. h5 Qc7 10. Bc4 b6 11. Qe2 Bb7 12. O-O-O O-O-O 13. Rd2 Ne7 14. Kb2 Kb8 15.
a4 a5 16. Rhd1 Nc8 17. Bb5 d5 18. exd6 Bxd6 19. Ne5 Bd5 20. c4 f6 21. cxd5 fxe5
22. Bg3 exd5 23. Rxd5 e4 24. Qd2 c4 25. Rxd6 Rxd6 26. Qxd6 1-0

[Event "16th OIBM 2012"]
[Site "Bad Wiessee GER"]
[Date "2012.11.02"]
[Round "7.5"]
[White "Landa, K."]
[Black "Kunin, V."]
[Result "1-0"]
[WhiteElo "2641"]
[BlackElo "2516"]
[PlyCount "77"]
[EventDate "2012.10.27"]
[SourceDate "1999.07.01"]

1. e4 c5 2. Nf3 Nf6 3. Nc3 d5 4. Bb5+ Bd7 5. e5 d4 6. exf6 dxc3 7. fxg7 cxd2+
8. Qxd2 Bxg7 9. Bd3 Bc6 10. c3 Nd7 11. Qe2 Qc7 12. Be4 O-O-O 13. Bg5 Bf6 14.
Bxc6 Qxc6 15. O-O-O Bxg5+ 16. Nxg5 Qf6 17. Qe3 Rhg8 18. Rd5 Nb6 19. Rxd8+ Rxd8
20. Ne4 Qe6 21. Qxc5+ Kb8 22. Nd2 Qxa2 23. Qxe7 Rc8 24. Rd1 a5 25. Qd6+ Ka7 26.
Qd4 Ka6 27. Qd3+ Ka7 28. Qd4 Ka6 29. Qd3+ Ka7 30. Qb5 Qe6 31. Qxa5+ Kb8 32. Qg5
Nd5 33. Nb1 f5 34. Qd2 Rc5 35. Qd4 Ra5 36. Na3 Qh6+ 37. Kb1 Qxh2 38. c4 Nc7 39.
Qb6 1-0